Města Těšínska - Statistics

General Stats
  • This quiz has been taken 17 times
  • The average score is 8 of 14
Answer Stats
Pořadí nyní Počet obyvatel
2020-2025
Počet obyvatel
1910
Město % Correct
6 34 266 3 849 Třinec
88%
8 28 200 9 879 Frýdek
81%
3 49 724 29 880 Karviná/Fryštát
81%
10 23 282 6 837 Český Těšín
75%
2 69 694 0 (≈10000) Havířov
75%
7 30 595 45 754 Slezská Ostrava
75%
5 34 297 22 489 Cieszyn
63%
11 20 519 19 572 Bohumín
56%
9 27 794 21 116 Orlová
50%
1 ≈70 000-80 000 18,568 Bílsko/Bielsko
44%
14 10 887 4 685 Visla/Wisła
31%
13 14 385 3 744 Skočov/Skoczów
25%
12 16 073 4 275 Ustroň/Ustroń
25%
4 35 684 9 492 Čechovice-Dědice/Czechowice-Dziedzice
13%
No matching quizzes found
Score Distribution
Percent of People with Each Score
Percentile by Number Answered
Your Score History
You have not taken this quiz